[Event "Tashkent UzChess Futures 2nd"]
[Site "Tashkent"]
[Date "2025.06.23"]
[Round "5"]
[White "Pichot, Alan"]
[Black "Chatalbashev, Boris"]
[Result "1/2-1/2"]
[WhiteElo "2588"]
[BlackElo "2489"]
[PlyCount "153"]
[EventDate "2025.06.18"]
[EventType "tourn"]
[EventRounds "9"]
[EventCountry "UZB"]
[EventCategory "11"]
[SourceTitle "CB27_2025"]
[SourceDate "2025.07.02"]
[SourceVersion "1"]
[SourceVersionDate "2025.07.02"]
[SourceQuality "1"]

1. e4 c5 2. Nf3 Nc6 3. Bb5 g6 4. 0-0 Bg7 5. Re1 Nf6 6. Bxc6 dxc6 7. h3 Nd7 8. e5 Nf8 9. Nc3 Ne6 10. d3 0-0 11. Ne4 b6 12. a4 a5 13. b3 Ra7 14. Bb2 Nd4 15. Ned2 Be6 16. Nc4 Bd5 17. Bxd4 cxd4 18. Nxd4 Bxg2 19. Kxg2 Qxd4 20. Re4 Qd8 21. Qd2 f5 22. exf6 exf6 23. Rae1 f5 24. Re6 f4 25. f3 Qg5+ 26. Kf1 Qd5 27. R6e4 b5 28. Qf2 Qd7 29. Ne5 Qxh3+ 30. Qg2 Qc8 31. Qg4 Re7 32. d4 Qxg4 33. fxg4 Rfe8 34. g5 c5 35. Rxf4 cxd4 36. Nf3 Rxe1+ 37. Nxe1 bxa4 38. bxa4 Rc8 39. Re4 Kf7 40. Rf4+ Ke6 41. Re4+ Kf5 42. Re7 Bf8 43. Rxh7 Bb4 44. Rb7 Rf8 45. Nd3 Kxg5+ 46. Ke2 Bc3 47. Rb5+ Kh4 48. Ne5 Rf6 49. Kd3 Kg3 50. Rb7 Kf4 51. Nf7 g5 52. Rb1 Kf5 53. Rb5+ Ke6 54. Nxg5+ Kd7 55. Ne4 Rf3+ 56. Kc4 Bb4 57. Nc5+ Bxc5 58. Rxc5 Ra3 59. Kb5 Kd6 60. Rc6+ Kd5 61. Rc8 Rc3 62. Rxc3 dxc3 63. Kxa5 Kc5 64. Ka6 Kb4 65. a5 Ka3 66. Kb5 Kb2 67. a6 Kxc2 68. a7 Kb1 69. a8Q c2 70. Qe4 Kb2 71. Qb4+ Ka2 72. Qd2 Kb1 73. Qd3 Kb2 74. Qe2 Ka1 75. Qc4 Kb2 76. Qe2 Ka1 77. Qxc2 1/2-1/2

[Event "Przeworsk"]
[Site "Przeworsk"]
[Date "2025.05.24"]
[Round "4"]
[White "Stefansson, Hannes"]
[Black "Chatalbashev, Boris"]
[Result "1/2-1/2"]
[WhiteElo "2428"]
[BlackElo "2502"]
[PlyCount "60"]
[EventDate "2025.05.22"]
[EventType "tourn"]
[EventRounds "9"]
[EventCountry "POL"]
[EventCategory "8"]
[SourceTitle "CB22_2025"]
[SourceDate "2025.05.28"]
[SourceVersion "1"]
[SourceVersionDate "2025.05.28"]
[SourceQuality "1"]

1. e4 c5 2. Nf3 Nc6 3. Bb5 g6 4. Bxc6 bxc6 5. d4 Bg7 6. dxc5 Qa5+ 7. Nbd2 Qxc5 8. 0-0 Nf6 9. Nb3 Qd6 10. e5 Qxd1 11. Rxd1 Nd5 12. c4 Nc7 13. Be3 Ne6 14. Rd2 f6 15. exf6 Bxf6 16. Nbd4 Nxd4 17. Bxd4 Bxd4 18. Nxd4 c5 19. Nb5 Kd8 20. Rad1 d6 21. f4 Rf8 22. g3 Bd7 23. Nc3 Bc6 24. Re1 Rb8 25. Ne4 Bxe4 26. Rxe4 a5 27. Rde2 Rf7 28. Kg2 Kd7 29. Kh3 a4 30. Kg4 h6 1/2-1/2

[Event "Przeworsk"]
[Site "Przeworsk"]
[Date "2025.05.23"]
[Round "2"]
[White "Baum, Jonasz"]
[Black "Chatalbashev, Boris"]
[Result "1/2-1/2"]
[WhiteElo "2479"]
[BlackElo "2502"]
[PlyCount "70"]
[EventDate "2025.05.22"]
[EventType "tourn"]
[EventRounds "9"]
[EventCountry "POL"]
[EventCategory "8"]
[SourceTitle "CB22_2025"]
[SourceDate "2025.05.28"]
[SourceVersion "1"]
[SourceVersionDate "2025.05.28"]
[SourceQuality "1"]

1. e4 g6 2. d4 Bg7 3. Nc3 d6 4. Be3 a6 5. Qd2 b5 6. 0-0-0 Bb7 7. f3 Nd7 8. h4 h6 9. Nh3 e6 10. g4 Ne7 11. Kb1 Nb6 12. Bd3 d5 13. Ne2 Qd7 14. Nf2 0-0-0 15. c3 Nc4 16. Bxc4 dxc4 17. h5 g5 18. Rhe1 Kb8 19. f4 gxf4 20. Bxf4 f5 21. exf5 exf5 22. g5 Nd5 23. gxh6 Bf6 24. Rg1 Rde8 25. Rde1 Bh4 26. Bg3 Bxg3 27. Nxg3 f4 28. Nge4 Ne3 29. Nc5 Qf7 30. Nd1 Qh7+ 31. Kc1 Qxh6 32. Nxe3 fxe3 33. Qe2 Bc8 34. Rg3 Rh7 35. b3 cxb3 1/2-1/2

[Event "Kolding SonFlow Cup-A"]
[Site "Kolding"]
[Date "2025.05.04"]
[Round "4"]
[White "Chatalbashev, Boris"]
[Black "Bank, Pelle Rodkjaer"]
[Result "1-0"]
[WhiteElo "2502"]
[BlackElo "2275"]
[PlyCount "74"]
[EventDate "2025.05.02"]
[EventType "swiss"]
[EventRounds "5"]
[EventCountry "DEN"]
[SourceTitle "CB19_2025"]
[SourceDate "2025.05.07"]
[SourceVersion "1"]
[SourceVersionDate "2025.05.07"]
[SourceQuality "1"]

1. d4 e6 2. c4 b6 3. e4 Bb4+ 4. Nd2 Bb7 5. Qc2 Nf6 6. Bd3 c5 7. d5 exd5 8. exd5 0-0 9. Ne2 d6 10. 0-0 Nbd7 11. Nf3 Re8 12. Ng3 b5 13. b3 Bc8 14. Bg5 h6 15. Bh4 g5 16. Nxg5 hxg5 17. Bxg5 Re5 18. f4 Rxg5 19. fxg5 Ng4 20. Qc1 Nde5 21. Be2 Ng6 22. Bxg4 Bxg4 23. Ne4 Kg7 24. Qb2+ Ne5 25. Rf6 bxc4 26. Raf1 c3 27. Nxc3 Bxc3 28. Qxc3 Bh5 29. g4 Bxg4 30. Rxf7+ Kg8 31. R7f6 c4 32. bxc4 Rc8 33. R1f4 Qb6+ 34. Kg2 Bd1 35. Qh3 Qb2+ 36. Rf2 Qd4 37. Qxc8+ Kg7 1-0

[Event "Isle of Wight op"]
[Site "Ryde"]
[Date "2025.02.22"]
[Round "7"]
[White "Chatalbashev, Boris"]
[Black "Cheng, Bobby Sky"]
[Result "1/2-1/2"]
[WhiteElo "2489"]
[BlackElo "2594"]
[PlyCount "61"]
[EventDate "2025.02.18"]
[EventType "swiss"]
[EventRounds "9"]
[EventCountry "ENG"]
[SourceTitle "CB09_2025"]
[SourceDate "2025.02.27"]
[SourceVersion "1"]
[SourceVersionDate "2025.02.27"]
[SourceQuality "1"]

1. Nf3 d5 2. g3 Nf6 3. Bg2 e6 4. c4 Be7 5. d4 0-0 6. Nc3 dxc4 7. Ne5 Nc6 8. Bxc6 bxc6 9. Nxc6 Qe8 10. Nxe7+ Qxe7 11. Qa4 Nd5 12. Qxc4 a5 13. Bd2 Ba6 14. Qc5 Qd7 15. f3 Rfb8 16. b3 Rb6 17. Rc1 Rc6 18. Qa3 Nb4 19. Be3 Nd5 20. Nxd5 exd5 21. Rxc6 Qxc6 22. Kf2 a4 23. Rc1 Qb5 24. Rc2 axb3 25. axb3 h5 26. b4 c6 27. Qa5 Qb7 28. Ra2 Qc8 29. Qb6 Bb5 30. Rxa8 Qxa8 31. Qc7 1/2-1/2

[Event "Isle of Wight op"]
[Site "Ryde"]
[Date "2025.02.18"]
[Round "2"]
[White "Chatalbashev, Boris"]
[Black "Boswell, Jacob Connor"]
[Result "0-1"]
[WhiteElo "2489"]
[BlackElo "2214"]
[PlyCount "112"]
[EventDate "2025.02.18"]
[EventType "swiss"]
[EventRounds "9"]
[EventCountry "ENG"]
[SourceTitle "CB09_2025"]
[SourceDate "2025.02.27"]
[SourceVersion "1"]
[SourceVersionDate "2025.02.27"]
[SourceQuality "1"]

1. Nf3 Nf6 2. g3 g6 3. b3 Bg7 4. Bb2 0-0 5. Bg2 c5 6. c4 Nc6 7. 0-0 d6 8. d4 cxd4 9. Nxd4 Bd7 10. Nc2 a6 11. Nc3 Qa5 12. Rb1 Rab8 13. a4 Qh5 14. e4 Bg4 15. f3 Bh3 16. Nd5 Nxd5 17. exd5 Ne5 18. Nd4 Rfc8 19. Qe2 Bf6 20. Rfe1 Bd7 21. Rbc1 g5 22. Rcd1 b5 23. axb5 axb5 24. cxb5 g4 25. f4 Nf3+ 26. Nxf3 Bxb5 27. Qf2 Bxb2 28. Nd4 Bxd4 29. Rxd4 Rb7 30. Rb4 Qf5 31. Qd4 Qc2 32. f5 h5 33. Qf4 f6 34. Kh1 Kg7 35. Qe3 Rc3 36. Qe4 Bd3 37. Qe6 Rxb3 38. Rxb3 Qxb3 39. Qc8 Qb4 40. Rc1 Qd2 41. Rg1 Rb1 42. Rxb1 Bxb1 43. Qc4 Qe1+ 44. Qf1 Qxf1+ 45. Bxf1 Be4+ 46. Kg1 Bxd5 47. Bd3 Kh6 48. Kf2 Kg5 49. Ke3 Bc6 50. Kd4 Bd7 51. Kd5 Bxf5 52. Bb5 Bc8 53. Be8 h4 54. Ke4 Bb7+ 55. Ke3 hxg3 56. hxg3 e5 0-1

[Event "Isle of Wight op"]
[Site "Ryde"]
[Date "2025.02.18"]
[Round "1"]
[White "Kothari, Jai"]
[Black "Chatalbashev, Boris"]
[Result "0-1"]
[WhiteElo "2070"]
[BlackElo "2489"]
[PlyCount "54"]
[EventDate "2025.02.18"]
[EventType "swiss"]
[EventRounds "9"]
[EventCountry "ENG"]
[SourceTitle "CB09_2025"]
[SourceDate "2025.02.27"]
[SourceVersion "1"]
[SourceVersionDate "2025.02.27"]
[SourceQuality "1"]

1. e4 d6 2. d4 Nf6 3. Nc3 g6 4. Bf4 c6 5. Qd2 b5 6. Bd3 Bg7 7. Bh6 Bxh6 8. Qxh6 e5 9. dxe5 dxe5 10. 0-0-0 Ng4 11. Qd2 Qb6 12. Nh3 0-0 13. Rde1 Na6 14. f3 Nf6 15. g4 Nc5 16. Qh6 b4 17. Nd1 Nxd3+ 18. cxd3 Rd8 19. Ndf2 Be6 20. f4 Bxa2 21. f5 c5 22. g5 Nh5 23. Ng4 Rxd3 24. Nf6+ Nxf6 25. gxf6 Qxf6 26. Rhg1 Qa6 27. Rg2 Bb3 0-1

[Event "DEN-chT 2425 62nd"]
[Site "Denmark"]
[Date "2025.01.26"]
[Round "6.3"]
[White "Chatalbashev, Boris"]
[Black "Skytte, Rasmus"]
[Result "1/2-1/2"]
[WhiteElo "2476"]
[BlackElo "2343"]
[PlyCount "96"]
[EventDate "2024.11.02"]
[EventType "team-tourn"]
[EventRounds "9"]
[EventCountry "DEN"]
[SourceTitle "CB16_2025"]
[SourceDate "2025.04.16"]
[SourceVersion "1"]
[SourceVersionDate "2025.04.16"]
[SourceQuality "1"]
[WhiteTeam "Fredericia"]
[BlackTeam "Aarhus/Skolerne"]
[WhiteTeamCountry "DEN"]
[BlackTeamCountry "DEN"]

1. d4 d5 2. c4 dxc4 3. Nf3 Nf6 4. e3 e6 5. Bxc4 Be7 6. Nc3 c5 7. e4 cxd4 8. Nxd4 e5 9. Bb5+ Kf8 10. Nf3 Qxd1+ 11. Nxd1 Nxe4 12. Nxe5 Bf6 13. Nc4 Bd7 14. a4 Nc6 15. Be3 Be6 16. Bxc6 bxc6 17. Rc1 Be7 18. Ne5 Bb4+ 19. Ke2 c5 20. f3 Nd6 21. Bxc5 Bxc5 22. Rxc5 g6 23. Nc3 Rb8 24. Nb5 Nxb5 25. axb5 a6 26. Ra1 axb5 27. Ra7 Kg7 28. Rcc7 Rhf8 29. b4 Kf6 30. f4 g5 31. Nc6 Rbe8 32. fxg5+ Kxg5 33. Nd4 Bc4+ 34. Kf2 Re4 35. Rd7 Rfe8 36. Rd6 Rf4+ 37. Nf3+ Kf5 38. h3 Re2+ 39. Kg3 Rb2 40. Rc7 Rxf3+ 41. gxf3 Ke5 42. Rh6 Rxb4 43. Rxh7 Rb3 44. Rh4 Bd5 45. Rf4 Rb1 46. Rc5 f5 47. Rh4 Rb3 48. Rf4 Rb1 1/2-1/2

[Event "Wch Seniors 50 32nd"]
[Site "Porto Santo"]
[Date "2024.11.26"]
[Round "9"]
[White "Chatalbashev, Boris"]
[Black "Shabalov, Alexander"]
[Result "1/2-1/2"]
[WhiteElo "2476"]
[BlackElo "2447"]
[PlyCount "77"]
[EventDate "2024.11.17"]
[EventType "swiss"]
[EventRounds "11"]
[EventCountry "POR"]
[SourceTitle "CB49_2024"]
[SourceDate "2024.12.04"]
[SourceVersion "1"]
[SourceVersionDate "2024.12.04"]
[SourceQuality "1"]

1. d4 d5 2. c4 c6 3. Nf3 Nf6 4. g3 dxc4 5. Bg2 Nbd7 6. 0-0 e6 7. a4 b6 8. Nfd2 Ba6 9. Bxc6 Rc8 10. Bg2 Bb4 11. Nc3 0-0 12. Nb5 Nb8 13. Nxa7 Rc7 14. Nb5 Bxb5 15. axb5 Qxd4 16. Ne4 Qxd1 17. Nxf6+ gxf6 18. Rxd1 Rfc8 19. Ra8 Kf8 20. Bf4 e5 21. Be3 Bc5 22. Bxc5+ Rxc5 23. Bc6 Kg7 24. Rd6 Rf8 25. Ra7 Nxc6 26. bxc6 h5 27. Rb7 b5 28. e4 c3 29. bxc3 Rxc3 30. Rxb5 Rc8 31. Rb6 Rc4 32. h4 Rxe4 33. Rb7 Rc4 34. Rdd7 Rf8 35. Rbc7 Kg6 36. Kg2 Rc2 37. Kf3 Ra8 38. Rxf7 Kf5 39. Ra7 1/2-1/2

[Event "Wch Seniors 50 32nd"]
[Site "Porto Santo"]
[Date "2024.11.17"]
[Round "1"]
[White "Chatalbashev, Boris"]
[Black "Bugayev, Vladimir"]
[Result "1-0"]
[WhiteElo "2476"]
[BlackElo "2085"]
[PlyCount "69"]
[EventDate "2024.11.17"]
[EventType "swiss"]
[EventRounds "11"]
[EventCountry "POR"]
[SourceTitle "CB49_2024"]
[SourceDate "2024.12.04"]
[SourceVersion "1"]
[SourceVersionDate "2024.12.04"]
[SourceQuality "1"]

1. d4 Nf6 2. c4 c5 3. d5 b5 4. cxb5 a6 5. bxa6 Bxa6 6. Nc3 g6 7. e4 Bxf1 8. Kxf1 d6 9. Nf3 Bg7 10. g3 0-0 11. Kg2 Qb6 12. a4 Na6 13. a5 Qb4 14. Ra4 Qb7 15. Nd2 Nd7 16. Nc4 Nb4 17. Bf4 Qa6 18. Qe2 Rfe8 19. Rd1 Bd4 20. Rd2 Ra7 21. Ra3 Rb8 22. h4 h5 23. Na4 Nf6 24. Nab6 Qb5 25. Rb3 Ng4 26. Rxd4 cxd4 27. Qd2 e5 28. dxe6 fxe6 29. Rxb4 Qc6 30. Bxd6 Nxf2 31. Qxf2 Qxe4+ 32. Kh2 Rf7 33. Bf4 Rxf4 34. gxf4 d3 35. Nd2 1-0

[Event "Trondheim Lewis op"]
[Site "Trondheim"]
[Date "2024.08.13"]
[Round "8"]
[White "Chatalbashev, Boris"]
[Black "Hammer, Jon Ludvig"]
[Result "1/2-1/2"]
[WhiteElo "2466"]
[BlackElo "2596"]
[PlyCount "69"]
[EventDate "2024.08.06"]
[EventType "swiss"]
[EventRounds "9"]
[EventCountry "NOR"]
[SourceTitle "EXT 2025"]
[Source "ChessBase"]
[SourceDate "2024.10.14"]
[SourceVersion "1"]
[SourceVersionDate "2024.10.14"]
[SourceQuality "1"]

1. d4 Nf6 2. c4 e6 3. Nc3 Bb4 4. Nf3 c5 5. g3 cxd4 6. Nxd4 0-0 7. Bg2 d5 8. cxd5 Nxd5 9. Qb3 Qa5 10. Bd2 Nc6 11. Nxc6 bxc6 12. 0-0 Bxc3 13. bxc3 Ba6 14. Rfd1 Qc5 15. e4 Bc4 16. Qa4 Nb6 17. Qb4 Qh5 18. Be3 Be2 19. Re1 Nc4 20. Qc5 Nxe3 21. Qxe3 Bc4 22. Qd4 Be2 23. Qd6 Rac8 24. h3 Rfd8 25. Qe7 a5 26. g4 Qb5 27. Rab1 Qc4 28. Rb7 Rf8 29. Qa3 c5 30. Qxa5 Ra8 31. Ra7 Rxa7 32. Qxa7 h5 33. g5 Qxc3 34. Rxe2 Qc1+ 35. Kh2 1/2-1/2

[Event "Trondheim Lewis op"]
[Site "Trondheim"]
[Date "2024.08.11"]
[Round "6"]
[White "Chatalbashev, Boris"]
[Black "Eric, Jovana"]
[Result "1-0"]
[WhiteElo "2466"]
[BlackElo "2138"]
[PlyCount "63"]
[EventDate "2024.08.06"]
[EventType "swiss"]
[EventRounds "9"]
[EventCountry "NOR"]
[SourceTitle "EXT 2025"]
[Source "ChessBase"]
[SourceDate "2024.10.14"]
[SourceVersion "1"]
[SourceVersionDate "2024.10.14"]
[SourceQuality "1"]

1. Nf3 d5 2. g3 c6 3. Bg2 Nf6 4. c4 g6 5. b3 Bg7 6. Bb2 0-0 7. 0-0 a5 8. Nc3 Re8 9. d4 Bf5 10. Ne5 Na6 11. Rc1 Rc8 12. e3 h5 13. Qe2 Nc7 14. Na4 Ng4 15. Rfd1 Qd6 16. Nb6 Rcd8 17. c5 Qe6 18. Nf3 Bf6 19. Bc3 Kg7 20. h4 Be4 21. Bxa5 Qf5 22. Na4 Rc8 23. Nc3 Bxf3 24. Qxf3 Qd7 25. Na4 Rb8 26. Nb6 Qe6 27. Nxd5 Nxd5 28. e4 Qd7 29. exd5 cxd5 30. Qxd5 Qb5 31. Bc3 e5 32. Bf1 1-0

[Event "Trondheim Lewis op"]
[Site "Trondheim"]
[Date "2024.08.10"]
[Round "5"]
[White "Chatalbashev, Boris"]
[Black "Deuer, Marius"]
[Result "1/2-1/2"]
[WhiteElo "2466"]
[BlackElo "2452"]
[PlyCount "44"]
[EventDate "2024.08.06"]
[EventType "swiss"]
[EventRounds "9"]
[EventCountry "NOR"]
[SourceTitle "EXT 2025"]
[Source "ChessBase"]
[SourceDate "2024.10.14"]
[SourceVersion "1"]
[SourceVersionDate "2024.10.14"]
[SourceQuality "1"]

1. c4 Nf6 2. Nf3 c5 3. Nc3 Nc6 4. e3 a6 5. Be2 g6 6. 0-0 Bg7 7. d4 cxd4 8. Nxd4 0-0 9. Qb3 d6 10. Rd1 Nd7 11. Qa3 Nc5 12. b4 Ne6 13. Nxc6 bxc6 14. Rb1 Bd7 15. c5 Nc7 16. cxd6 exd6 17. Bb2 Be6 18. Ba1 Nb5 19. Qc1 Nxc3 20. Bxc3 Bxc3 21. Qxc3 Bxa2 22. Ra1 Bd5 1/2-1/2

[Event "Trondheim Lewis op"]
[Site "Trondheim"]
[Date "2024.08.09"]
[Round "4"]
[White "Myagmarsuren, Evsuld"]
[Black "Chatalbashev, Boris"]
[Result "0-1"]
[WhiteElo "2142"]
[BlackElo "2466"]
[PlyCount "68"]
[EventDate "2024.08.06"]
[EventType "swiss"]
[EventRounds "9"]
[EventCountry "NOR"]
[SourceTitle "EXT 2025"]
[Source "ChessBase"]
[SourceDate "2024.10.14"]
[SourceVersion "1"]
[SourceVersionDate "2024.10.14"]
[SourceQuality "1"]

1. e4 g6 2. d4 Bg7 3. Nc3 d6 4. Bg5 c6 5. Qd2 b5 6. f4 b4 7. Nd1 Nd7 8. Nf3 Rb8 9. Nf2 c5 10. e5 Bb7 11. Be2 cxd4 12. exd6 Qb6 13. dxe7 Nxe7 14. Bxe7 Kxe7 15. 0-0 Rhe8 16. Rae1 Kf8 17. Bd1 a5 18. Nd3 Re3 19. h3 Rbe8 20. Qf2 Kg8 21. Nh2 Nf6 22. Ng4 Ne4 23. Qh4 h5 24. Nxe3 dxe3 25. Re2 Bf6 26. Qe1 Nd2 27. Kh2 Nxf1+ 28. Qxf1 Ba6 29. Qf3 h4 30. Qd5 Kg7 31. Kh1 Qc7 32. Qf3 Bxd3 33. cxd3 Qc1 34. Rc2 Qxc2 0-1

[Event "South Wales op 19th"]
[Site "Bridgend"]
[Date "2024.07.10"]
[Round "9"]
[White "Golding, Alex"]
[Black "Chatalbashev, Boris"]
[Result "1-0"]
[WhiteElo "2296"]
[BlackElo "2483"]
[PlyCount "89"]
[EventDate "2024.07.05"]
[EventType "swiss"]
[EventRounds "9"]
[EventCountry "WLS"]
[SourceTitle "CBM 221 Extra"]
[Source "ChessBase"]
[SourceDate "2024.09.30"]
[SourceVersion "1"]
[SourceVersionDate "2024.09.30"]
[SourceQuality "1"]

1. e4 d6 2. d4 Nf6 3. Nc3 g6 4. Bg5 c6 5. Nf3 Bg7 6. Bd3 0-0 7. h3 Nbd7 8. 0-0 e5 9. a4 h6 10. Be3 a5 11. dxe5 dxe5 12. Nd2 Qe7 13. Nc4 Nc5 14. Nb6 Rb8 15. Nxc8 Rbxc8 16. Bc4 Ncxe4 17. Nxe4 Nxe4 18. Qd3 Qh4 19. Bb6 Nd6 20. Bb3 Nf5 21. c3 Qf6 22. Bxa5 c5 23. Qb5 Nd6 24. Qd7 Rc6 25. Bd5 Ra6 26. Bc7 Ne8 27. Bxb7 Re6 28. Bb8 Qh4 29. a5 Nf6 30. Qc7 Nh5 31. a6 Re7 32. Qd6 Re6 33. Qxf8+ Bxf8 34. a7 Nf4 35. a8Q Re8 36. Ra4 c4 37. Kh2 Nd3 38. g3 Qd8 39. Bc6 Re6 40. Bd5 Rf6 41. Ba7 Qd7 42. Rxc4 Ra6 43. Rc8 Rxa7 44. Rxf8+ Kg7 45. Qxa7 1-0

[Event "South Wales op 19th"]
[Site "Bridgend"]
[Date "2024.07.05"]
[Round "1"]
[White "Chatalbashev, Boris"]
[Black "Heij, Jacco"]
[Result "1-0"]
[WhiteElo "2483"]
[BlackElo "1960"]
[PlyCount "85"]
[EventDate "2024.07.05"]
[EventType "swiss"]
[EventRounds "9"]
[EventCountry "WLS"]
[SourceTitle "CBM 221 Extra"]
[Source "ChessBase"]
[SourceDate "2024.09.30"]
[SourceVersion "1"]
[SourceVersionDate "2024.09.30"]
[SourceQuality "1"]

1. d4 Nf6 2. c4 g6 3. Nc3 d5 4. Bg5 Ne4 5. Bh4 Nxc3 6. bxc3 dxc4 7. e3 Bg7 8. Bxc4 0-0 9. Nf3 c5 10. 0-0 Nc6 11. Rb1 Na5 12. Bd3 cxd4 13. cxd4 b6 14. e4 Bb7 15. d5 Rc8 16. Qa4 Rc3 17. Rfd1 Qd6 18. Rbc1 Rxc1 19. Rxc1 e5 20. Bg5 Rc8 21. Rxc8+ Bxc8 22. Bd2 Bd7 23. Bb5 Bxb5 24. Qxb5 Nb7 25. Bb4 Nc5 26. Bxc5 Qxc5 27. Qxc5 bxc5 28. Nd2 Kf8 29. Kf1 Ke7 30. Ke2 Kd7 31. Kd3 Kc7 32. a4 Kb6 33. Nb3 f5 34. f3 Bf8 35. Kc4 a5 36. Nc1 h5 37. Nd3 Bd6 38. Kc3 f4 39. Nb2 g5 40. Nc4+ Kc7 41. Nxd6 Kxd6 42. Kc4 g4 43. h3 1-0

[Event "Krakow op"]
[Site "Krakow"]
[Date "2024.06.24"]
[Round "4"]
[White "Pyrig, Roman"]
[Black "Chatalbashev, Boris"]
[Result "0-1"]
[WhiteElo "2260"]
[BlackElo "2483"]
[PlyCount "78"]
[EventDate "2024.06.22"]
[EventType "swiss"]
[EventRounds "9"]
[EventCountry "POL"]
[SourceTitle "CBM 220 Extra"]
[Source "ChessBase"]
[SourceDate "2024.07.31"]
[SourceVersion "1"]
[SourceVersionDate "2024.07.31"]
[SourceQuality "1"]

1. e4 g6 2. d4 Bg7 3. Nf3 d6 4. Be3 b6 5. Qd2 Bb7 6. Nc3 Nd7 7. h4 h6 8. 0-0-0 e6 9. Kb1 Ne7 10. Nh2 d5 11. e5 Nf5 12. h5 g5 13. Bd3 Nxe3 14. fxe3 0-0 15. Ng4 c5 16. Bb5 f5 17. exf6 Nxf6 18. Ne5 c4 19. Bc6 Bxc6 20. Nxc6 Qe8 21. Ne5 b5 22. Rdf1 b4 23. Ne2 Ne4 24. Rxf8+ Qxf8 25. Qe1 c3 26. Nd3 a5 27. Ng3 Nd2+ 28. Kc1 a4 29. Kd1 Ne4 30. Ke2 cxb2 31. Nxe4 dxe4 32. Nxb2 Rc8 33. Qd2 Qe8 34. Rf1 a3 35. Nd1 Qa4 36. c3 bxc3 37. Qc1 Qc4+ 38. Ke1 c2 39. Nf2 Rb8 0-1

[Event "Krakow op"]
[Site "Krakow"]
[Date "2024.06.23"]
[Round "2"]
[White "Lohia, Sohum"]
[Black "Chatalbashev, Boris"]
[Result "1-0"]
[WhiteElo "2270"]
[BlackElo "2483"]
[PlyCount "102"]
[EventDate "2024.06.22"]
[EventType "swiss"]
[EventRounds "9"]
[EventCountry "POL"]
[SourceTitle "CBM 220 Extra"]
[Source "ChessBase"]
[SourceDate "2024.07.31"]
[SourceVersion "1"]
[SourceVersionDate "2024.07.31"]
[SourceQuality "1"]

1. e4 g6 2. d4 Bg7 3. Nc3 d6 4. Be3 c6 5. f4 Qb6 6. a3 Nf6 7. Nf3 0-0 8. h3 e5 9. fxe5 dxe5 10. Nxe5 Nxe4 11. Nxe4 Bxe5 12. Bc4 Bf5 13. Qd2 Bg7 14. Nd6 Be6 15. 0-0 Bxc4 16. Nxc4 Qd8 17. Rad1 Qd5 18. Ne5 f6 19. Nd3 Nd7 20. Nf4 Qf7 21. d5 cxd5 22. Qxd5 Ne5 23. Ne6 Rfe8 24. Nc7 Qxd5 25. Rxd5 Red8 26. Rxe5 fxe5 27. Nxa8 Rxa8 28. Rd1 b5 29. Rd7 a6 30. Kf2 Rf8+ 31. Ke2 Rf7 32. Rd8+ Rf8 33. Rd7 Rf7 34. Rd8+ Rf8 35. Rxf8+ Kxf8 36. b3 Ke7 37. Kd3 Kd6 38. c4 bxc4+ 39. Kxc4 e4 40. b4 Be5 41. a4 Kc6 42. Bc5 Bf4 43. b5+ axb5+ 44. axb5+ Kb7 45. Kd4 e3 46. Kd3 e2 47. Kxe2 Kc7 48. Kf3 Bg5 49. Ke4 Kd7 50. Be3 Bh4 51. Kd5 Kc7 1-0

[Event "Kardla Hiiumaa Brewery op"]
[Site "Kardla"]
[Date "2024.06.03"]
[Round "1"]
[White "Chatalbashev, Boris"]
[Black "Krivenko, Dion"]
[Result "0-1"]
[WhiteElo "2483"]
[BlackElo "2299"]
[PlyCount "88"]
[EventDate "2024.06.03"]
[EventType "swiss (rapid)"]
[EventRounds "11"]
[EventCountry "EST"]
[SourceTitle "EXT 2025"]
[Source "ChessBase"]
[SourceDate "2024.10.14"]
[SourceVersion "1"]
[SourceVersionDate "2024.10.14"]
[SourceQuality "1"]

1. d4 Nf6 2. c4 g6 3. Nc3 Bg7 4. e4 d6 5. Be2 0-0 6. Bg5 c5 7. d5 h6 8. Bf4 a6 9. a4 Qa5 10. Bd2 e6 11. Nf3 exd5 12. exd5 Qc7 13. h3 Re8 14. 0-0 Nbd7 15. Bd3 Ne5 16. Nxe5 Rxe5 17. Bf4 Re8 18. Qd2 Kh7 19. Bh2 Bd7 20. a5 b5 21. axb6 Qxb6 22. Ra2 Bc8 23. Nb5 axb5 24. Rxa8 bxc4 25. Bc2 Qb7 26. Rfa1 Qxd5 27. Qxd5 Nxd5 28. Bxd6 Bxb2 29. Rb1 Bd4 30. Rbb8 Re1+ 31. Kh2 Be6 32. h4 Nb4 33. Ba4 c3 34. h5 c2 35. Rh8+ Bxh8 36. hxg6+ fxg6 37. Ra7+ Kg8 38. Ra8+ Kg7 39. Bxc5 c1Q 40. Bd4+ Kf7 41. Ra7+ Kg8 42. Ra8+ Kf7 43. Ra7+ Kf8 44. Ra8+ Bc8 0-1

[Event "Kardla Hiiumaa Brewery op"]
[Site "Kardla"]
[Date "2024.06.03"]
[Round "5"]
[White "Chatalbashev, Boris"]
[Black "Solodovnichenko, Yuri"]
[Result "1-0"]
[WhiteElo "2483"]
[BlackElo "2481"]
[PlyCount "53"]
[EventDate "2024.06.03"]
[EventType "swiss (rapid)"]
[EventRounds "11"]
[EventCountry "EST"]
[SourceTitle "EXT 2025"]
[Source "ChessBase"]
[SourceDate "2024.10.14"]
[SourceVersion "1"]
[SourceVersionDate "2024.10.14"]
[SourceQuality "1"]

1. Nf3 c5 2. c4 Nf6 3. Nc3 e6 4. g3 b6 5. Bg2 Bb7 6. 0-0 Be7 7. Re1 0-0 8. e4 d6 9. d4 cxd4 10. Nxd4 Qc8 11. Qe2 Nbd7 12. f4 Re8 13. Bd2 Bf8 14. Rac1 e5 15. Nf5 exf4 16. Bxf4 Nc5 17. Nd5 Ncxe4 18. Bxe4 Rxe4 19. Qxe4 Bxd5 20. cxd5 Qxc1 21. Bxc1 Nxe4 22. Rxe4 g6 23. Ne7+ Kg7 24. Nc6 b5 25. Bd2 f5 26. Re6 Kf7 27. Bc3 1-0

[Event "Kuressaare Saaremaa Rapid op"]
[Site "Kuressaare"]
[Date "2024.06.01"]
[Round "4"]
[White "Galchenko, Matvey"]
[Black "Chatalbashev, Boris"]
[Result "1/2-1/2"]
[WhiteElo "2438"]
[BlackElo "2483"]
[PlyCount "77"]
[EventDate "2024.06.01"]
[EventType "swiss (rapid)"]
[EventRounds "11"]
[EventCountry "EST"]
[SourceTitle "CBM 220 Extra"]
[Source "ChessBase"]
[SourceDate "2024.07.31"]
[SourceVersion "1"]
[SourceVersionDate "2024.07.31"]
[SourceQuality "1"]

1. e4 g6 2. d4 Bg7 3. Nf3 d6 4. Bc4 Nf6 5. Qe2 0-0 6. e5 dxe5 7. dxe5 Nd5 8. h3 c6 9. 0-0 Be6 10. a4 Nd7 11. Bd2 Qc7 12. Re1 Rfd8 13. a5 b5 14. axb6 axb6 15. Rxa8 Rxa8 16. Nc3 Nxc3 17. Bxc3 Nc5 18. Ng5 Bd5 19. Bxd5 cxd5 20. Bd4 e6 21. Qb5 Nd7 22. Qe2 b5 23. h4 Qc4 24. Qd1 Rc8 25. c3 b4 26. h5 bxc3 27. hxg6 c2 28. gxh7+ Kh8 29. Qh5 Rf8 30. Nxf7+ Rxf7 31. Qxf7 Kxh7 32. Bc3 d4 33. Qf4 Nxe5 34. Bxd4 Nd3 35. Qh4+ Kg8 36. Qd8+ Kh7 37. Qh4+ Kg8 38. Qd8+ Kh7 39. Qh4+ 1/2-1/2